Yearbook of tourism statistics : data 2009-2013

Αποθηκεύτηκε σε:
Λεπτομέρειες βιβλιογραφικής εγγραφής
Συγγραφή απο Οργανισμό/Αρχή: World Tourism Organization (WTO)
Μορφή: Βιβλίο
Γλώσσα:English
Δημοσίευση: Madrid : World Tourism Organization, c2015.
Θέματα:
Ετικέτες: Προσθήκη ετικέτας
Δεν υπάρχουν, Καταχωρήστε ετικέτα πρώτοι!

MARC

LEADER 00000cam a2200000 a 4500
001 1/107367
008 150713t2015####sp | ||| |||| ||eng||
020 |a 9789284416356   |q (σκληρό εξώφυλλο)  
040 |a GR-MyUa  |b gre  |c GR-MyUa  |e AACR2 
041 0 |a eng 
082 7 |a 338.4791021   |2 (23)  
110 2 |a World Tourism Organization (WTO) 
245 0 0 |a Yearbook of tourism statistics :   |b data 2009-2013 /   |c World Tourism Organization.  
260 |a Madrid :   |b World Tourism Organization,   |c c2015.  
300 |a xviii, 866 σ. :   |b πίν. ;   |c 30 εκ.  
500 |a 2015 edition.  
650 0 |a Tourism  |x Statistics  |x Periodicals. 
852 |a INST  |b CHIOS  |e 20150713  |h 338.4791021 WOR  |p 005200037537  |q 005200037537  |t BK  |y 0 
970 |a Σπέντζα   |b Ελένη   |z 13-07-2015